| 000 | 00689nam a2200205Ia 4500 | ||
|---|---|---|---|
| 008 | 140429s9999 xx 000 0 und d | ||
| 020 | _a9780230273740 | ||
| 050 |
_aPR 3091 _b.B736 2011 |
||
| 100 | _aBrown, John Russell | ||
| 245 |
_aStudying shakespeare in performance / _cJohn Russell Brown. |
||
| 260 |
_aNew York : _bPalgrave Macmillan, _cc2011. |
||
| 300 |
_a231 p. : _c22 cm. |
||
| 500 | _aIncludes bibliographical references and index. | ||
| 521 | _aGE | ||
| 650 | _aLITERARY CRITICISM / Shakespeare. | ||
| 650 |
_aShakespeare, William, 1564-1616 _xDramatic production. |
||
| 650 |
_aShakespeare, William, 1564-1616 _xStage history. |
||
| 942 |
_kFOR _cBK |
||
| 999 |
_c115586 _d115586 |
||